English love poems, (Record no. 118255)
[ view plain ]
| 000 -LEADER | |
|---|---|
| fixed length control field | 00786cam a22002531 4500 |
| 001 - CONTROL NUMBER | |
| control field | 6544742 |
| 003 - CONTROL NUMBER IDENTIFIER | |
| control field | ARRUPE |
| 005 - DATE AND TIME OF LATEST TRANSACTION | |
| control field | 20131007142307.0 |
| 008 - FIXED-LENGTH DATA ELEMENTS--GENERAL INFORMATION | |
| fixed length control field | 750918s1957 enk 000 0 eng c |
| 010 ## - LIBRARY OF CONGRESS CONTROL NUMBER | |
| LC control number | a 59003385 |
| 035 ## - SYSTEM CONTROL NUMBER | |
| System control number | (OCoLC)1635016 |
| 040 ## - CATALOGING SOURCE | |
| Original cataloging agency | Ohio State Univ. Libr. |
| Transcribing agency | FM |
| Modifying agency | OCoLC |
| -- | DLC |
| 042 ## - AUTHENTICATION CODE | |
| Authentication code | premarc |
| 050 00 - LIBRARY OF CONGRESS CALL NUMBER | |
| Classification number | PR1184 |
| Item number | .B43 |
| 300 ## - PHYSICAL DESCRIPTION | |
| Dimensions | 21 cm. |
| 100 1# - MAIN ENTRY--PERSONAL NAME | |
| Personal name | Betjeman, John, |
| Dates associated with a name | 1906-1984, |
| Relator term | comp. |
| 9 (RLIN) | 2142 |
| 245 10 - TITLE STATEMENT | |
| Title | English love poems, |
| Statement of responsibility, etc | chosen by John Betjeman and Geoffrey Taylor. |
| 260 ## - PUBLICATION, DISTRIBUTION, ETC. (IMPRINT) | |
| Place of publication, distribution, etc | London, |
| Name of publisher, distributor, etc | Faber and Faber |
| Date of publication, distribution, etc | [1957] |
| 300 ## - PHYSICAL DESCRIPTION | |
| Extent | 220 p. |
| 650 #0 - SUBJECT ADDED ENTRY--TOPICAL TERM | |
| Topical term or geographic name as entry element | Love poetry. |
| 9 (RLIN) | 2143 |
| 650 #0 - SUBJECT ADDED ENTRY--TOPICAL TERM | |
| Topical term or geographic name as entry element | English poetry. |
| 9 (RLIN) | 2144 |
| 700 1# - ADDED ENTRY--PERSONAL NAME | |
| Personal name | Taylor, Geoffrey, |
| Dates associated with a name | 1900- |
| Relator term | joint comp. |
| 9 (RLIN) | 2145 |
| 906 ## - LOCAL DATA ELEMENT F, LDF (RLIN) | |
| a | 7 |
| b | cbc |
| c | oclcrpl |
| d | u |
| e | ncip |
| f | 19 |
| g | y-gencatlg |
| 942 ## - ADDED ENTRY ELEMENTS (KOHA) | |
| Source of classification or shelving scheme | Library of Congress Classification |
| Koha item type | Monograph ( Printed materials) |
| Withdrawn status | Lost status | Source of classification or shelving scheme | Damaged status | Not for loan | Collection code | Home library | Current library | Shelving location | Date acquired | Total Checkouts | Full call number | Barcode | Date last seen | Price effective from | Koha item type |
|---|---|---|---|---|---|---|---|---|---|---|---|---|---|---|---|
| Library of Congress Classification | Main Collection | ARRUPE LIBRARY | ARRUPE LIBRARY | Main Collection | 07/10/2013 | PR1184 .B43 | 46410753 | 07/10/2013 | 07/10/2013 | Monograph ( Printed materials) |